00989nam a22002777a 4500999001500000001000600015003000900021005001700030008004100047020001800088020001500106040003800121082001800159100002000177245014500197250001200342260005200354300004700406500002000453650001900473650002600492650004300518700002200561942001200583952011600595 c4276d427613455BD-DhUAP20201110125950.0201102r20042003enka 001 0 eng  a9798181280137 a818128013X aBD-DhUAPcBD-DhUAPdBD-DhUAPbEng00a519.2 CHU223 aChung, Kai Lai. aElementary probability theory :bwith stochastic processes and an introduction to Mathematical Finance /cKai Lai Chung and Farid Aitsahlia. a4th ed. aNew York : bSpringer,cc2003 [Reprinted 2004]. axiii, 404 pages :billustrations ;c23 cm. aIncludes index. aProbabilities  aStochastic processes. aMathematical statistics vMathematics. aAitsahlia, Farid. 2ddccBK 00102ddc4070aUAPCLbUAPCLcGeneral Stacksd2020-11-05o519.2 CGUp3010009915r2020-11-05t1w2020-11-05yBK